000 01466nam a2200301 a 4500
001 BRCA_4977
005 20190320204902.0
008 271010s1721----mx-######v---#000-0#spa-#
041 _aspa
044 _amx
084 _aDOC64
_b.D63
_c1721
245 1 0 _aDocumento firmado por el Rey [Felipe V]
_c[Felipe V].
260 _aSan Lorenzo del Real, Madrid
_c1721
300 _a[2] fojas
_c31 x 21 cm.
500 _aDocumento firmado el 30 de julio de 1721.
500 _aDocumento dirigido al Virrey de la Nueva España, Audiencias, Gobernadores, Oficiales Reales y Cabildos Seculares de aquellos dominios, repitiendo la orden que está dada sobre que no permitan en los Puertos la entrada y comercio de navíos y géneros franceses por el motivo de la peste.
500 _a{Real Cédula] firmada como ´Yo el Rey´.
500 _aContiene la leyenda DOC. #74.
500 _aPapel marca de agua.
500 _aEstado de conservación: el margen derecho se encuentra con roturas y contiene manchas de acides ocasionadas por la tinta.
506 0 _aFondo Reservado. Para su consulta es necesario credencial de usuario y carta de motivos.
546 _aTexto en: español de principios del siglo XVIII.
600 1 4 _aFelipe
_bV,
_cRey de España,
_d1683-1746
_xHistoria
_912669
650 1 4 _aDocumentos legales
_xHistoria
_yCasa de Borbón, 1700
_zEspaña
_912670
651 4 _aMéxico
_xHistoria
_yColonia, 1521-1821
_912461
902 _aFDH
942 _2lcc
_cD
999 _c4671
_d4671